000 00974 a2200253 4500
008 100602t xxu||||| |||| 00| 0 eng d
010 _aENG-103395
020 _c750.00
_a8189833049
020 _c9788189833046
_a750.00
035 _aEN-86928
037 _bDBAD / PUB
040 _aDPL
_bEng
082 _a303.484
100 _932320
_aConway, Janet M.
245 _aIdentity, place, knowledge :
_cby Janet M. Conway
_bsocial movements contesting globalization /
260 _aDelhi
_bAakar Books
_c2007
270 _a28E Pocket 4, Mayur Vihar Phase 1,
_bDelhi
_e110091
_k011-22795505
_l011-22795641
_maakarbooks@gmail.
300 _avi, 298p.
_c24cm (Hb)
500 _aIncludes bibliographical references and index
700 _932354
710 _932355
942 _adpl
_cEN
_2ddc
_mCON
_h303.484
999 _c55265
_d55265